000 00373 a2200169 4500
001 71965
020 _a8528101738
040 _cAnchieta - Colégio São Paulo
100 _aRocha, Ruth
240 1 0 _aAtrás da porta
_lpor
245 1 0 _aAtrás da porta
300 _a30
362 0 _a1997
440 1 _aSalamandra
650 4 _aLiteratura infanto-juvenil
942 _cBK
999 _c71965
_d71965